Daň z přidané hodnoty. Očekávané a neočekávané účinky.
Dopad dane z pridanej hodnoty (DPH) na úroveň cien a na zahraničný obchod. Prehľad krajín využívajúcich DPH v r. 1960-1992. Výsledky štúdie Medzinárodného menového fondu z r. 1992 o účinkoch zavedenia DPH. Analytický pohľad a empirický dôkaz pri hodnotení pôsobenia DPH.
Salvato in:
| Autore principale: | |
|---|---|
| Natura: | Capitolo di libro |
| Lingua: | ceco |
| Soggetti: | |
| Tags: |
Nessun Tag, puoi essere il primo ad aggiungerne!!
|
MARC
| LEADER | 00000naa a2200000 4500 | ||
|---|---|---|---|
| 001 | r012235 | ||
| 005 | 20220826094631.2 | ||
| 041 | 0 | |a cze | |
| 044 | |a CZ | ||
| 245 | 1 | 0 | |a Daň z přidané hodnoty. |b Očekávané a neočekávané účinky. |c P. Zahradník |
| 520 | |a Dopad dane z pridanej hodnoty (DPH) na úroveň cien a na zahraničný obchod. Prehľad krajín využívajúcich DPH v r. 1960-1992. Výsledky štúdie Medzinárodného menového fondu z r. 1992 o účinkoch zavedenia DPH. Analytický pohľad a empirický dôkaz pri hodnotení pôsobenia DPH. | ||
| 610 | 2 | 0 | |a dane z hodnoty pridanej |
| 610 | 2 | 0 | |a ceny |
| 610 | 2 | 0 | |a obchod zahraničný |
| 610 | 2 | 0 | |a Medzinárodný menový fond |
| 100 | 1 | |a Zahradník, Petr | |